<?xml version="1.0" encoding="UTF-8"?>
<marc:record xmlns:marc="http://www.loc.gov/MARC21/slim">
   <marc:leader>00000nam a2200000 a 4500</marc:leader>
   <marc:datafield ind1="1" ind2=" " tag="100">
      <marc:subfield code="a">Martin, Pierre</marc:subfield>
      <marc:subfield code="4">aut</marc:subfield>
      <marc:subfield code="e">Verfasser/-in</marc:subfield>
   </marc:datafield>
   <marc:datafield ind1=" " ind2=" " tag="653">
      <marc:subfield code="a">Frankreich</marc:subfield>
   </marc:datafield>
   <marc:datafield ind1=" " ind2=" " tag="653">
      <marc:subfield code="a">Provence</marc:subfield>
   </marc:datafield>
   <marc:datafield ind1="0" ind2="0" tag="245">
      <marc:subfield code="a">Madame le Commissaire und die tödliche Rallye</marc:subfield>
   </marc:datafield>
   <marc:datafield ind1="0" ind2="0" tag="245">
      <marc:subfield code="b">Ein Provence-Krimi</marc:subfield>
   </marc:datafield>
   <marc:datafield ind1=" " ind2="1" tag="264">
      <marc:subfield code="b">Knaur Taschenbuch</marc:subfield>
      <marc:subfield code="c">2026</marc:subfield>
   </marc:datafield>
   <marc:datafield ind1="1" ind2=" " tag="490">
      <marc:subfield code="a">Ein Fall für Isabelle Bonnet</marc:subfield>
   </marc:datafield>
   <marc:datafield ind1="1" ind2=" " tag="520">
      <marc:subfield code="a">Madame le Commissaire hat eine heimliche Leidenschaft: Motorräder und schnelle Autos. Das weiss auch ihr Chef - und macht sie kurzerhand zur Personenschützerin für die Frau eines Ministers. Denn die will an einer Oldtimer-Rallye teilnehmen, obwohl sie eine Morddrohung erhalten hat. Der Mut der Frau gefällt Isabelle. Dass sie selbst auf dem Beifahrersitz Platz nehmen soll, findet sie dagegen weniger erfreulich. Am mythischen Berg Mont Ventoux wird es zum ersten Mal gefährlich: Die steile Strasse eignet sich perfekt für einen Anschlag. Zwar bleibt dieser dort aus, aber später ist Isabelle gleich mehrfach gefordert, das Leben ihrer Schutzbefohlenen zu retten. Doch die Beifahrerin eines anderen Oldtimers hat weniger Glück - sie wird vergiftet. Eine Verwechslung?</marc:subfield>
   </marc:datafield>
   <marc:datafield ind1=" " ind2=" " tag="020">
      <marc:subfield code="a">9783426529966</marc:subfield>
      <marc:subfield code="9">9783426529966</marc:subfield>
   </marc:datafield>
</marc:record>
